Sports Quiz

Random Sports or MLB Quiz

Top 100 Active Career Strikeouts (MLB) Quiz Stats

 Plays Quiz not verified by Sporcle

Score 0/100 Timer 12:00
0 Plays Today
Primary Team Pitcher % Correct
SEAFelix Hernandez
92.6%
MON/WSHLivan Hernandez
92.2%
NYYOrlando Hernandez
92.2%
CLECC Sabathia
84.9%
TORRoy Halladay
84.5%
CLECliff Lee
82.5%
SEAJamie Moyer
81.8%
NYYAndy Pettitte
81.5%
MINJohan Santana
81%
LAAErvin Santana
81%
HOURoy Oswalt
79.4%
OAKBarry Zito
78.9%
OAKTim Hudson
77.7%
BOSJosh Beckett
77.6%
STLChris Carpenter
75.7%
NYYMariano Rivera
74.8%
CHCCarlos Zambrano
73.8%
BOSTim Wakefield
73.2%
SFGTim Lincecum
73.1%
SDPJake Peavy
69.8%
DETJustin Verlander
69.2%
PHICole Hamels
68.7%
KCRZach Greinke
66.6%
CHWMark Buehrle
65.9%
STLAdam Wainwright
64.5%
CHCKerry Wood
64.1%
SFGMatt Cain
63.8%
FLAA.J. Burnett
63.4%
ANA/LAAJohn Lackey
62.5%
HOUWandy Rodriguez
61.8%
ANA/LAAFrancisco Rodriguez
61.7%
BOSDerek Lowe
61.5%
OAK/ARIDan Haren
60.8%
CINBronson Arroyo
60.1%
Primary Team Pitcher % Correct
CINAaron Harang
57.8%
SDPTrevor Hoffman
57.6%
MONJavier Vazquez
56.6%
MILBen Sheets
56.2%
ATLKevin Millwood
53.5%
BOSJon Lester
52.4%
LAAJered Weaver
52.2%
DET/LADJeff Weaver
52.1%
FLADontrelle Willis
51.1%
TBDScott Kazmir
50.6%
CHCTed Lilly
49.9%
TBDJames Shields
48.2%
SEAFreddy Garcia
46.6%
HOUBilly Wagner
46.6%
CHCRyan Dempster
45.8%
CHCMark Prior
44.3%
HOUBrad Lidge
44.2%
OAK/PHIJoe Blanton
41%
FLABrad Penny
39.6%
PHIBrett Myers
39.4%
OAKRich Harden
37.7%
NYMOliver Perez
37.1%
DETJeremy Bonderman
37%
MON/FLACarl Pavano
36.4%
LADChad Billingsley
36.2%
BALErik Bedard
34.8%
PHIRandy Wolf
34.5%
CHWJon Garland
34.1%
MILDoug Davis
31.9%
SEAGil Meche
31.1%
CHWJose Contreras
29.4%
HOUMike Hampton
28.7%
KCRJeff Suppan
27.8%
TEXFrancisco Cordero
27.7%
Primary Team Pitcher % Correct
PHIVicente Padilla
26.6%
CLEJake Westbrook
26.1%
BALRodrigo Lopez
25.3%
LADChan Ho Park
25%
SFGRuss Ortiz
21.6%
ANARamon Ortiz
21.6%
MINKyle Lohse
21.2%
DETNate Robertson
20.9%
BALDaniel Cabrera
19.9%
STLJason Isringhausen
18%
STLJason Marquis
17%
COLJason Jennings
16.2%
SEAJoel Pineiro
15.8%
HOUOctavio Dotel
14.8%
BALArthur Rhodes
14.4%
MILDavid Bush
13.6%
TEXDarren Oliver
12.2%
BALBruce Chen
11%
PITKris Benson
9.5%
COLJamey Wright
9.5%
ARIMiguel Batista
9.1%
NYMArmando Benitez
6.4%
MINLaTroy Hawkins
6%
CHCKyle Farnsworth
5.4%
CINElmer Dessens
2.8%
DETBrian Moehler
2.8%
CINBrett Tomko
2.7%
SFG/BOSAlan Embree
2.7%
CIN/MINHector Carrasco
1.9%
HOURuss Springer
1%
CIN/NYYRon Villone
1%
HOUScott Elarton
1%

You're not logged in!

Compare scores with friends on all Sporcle quizzes.
OR
Log In

Show Comments

Extras

Top Quizzes Today


Score Distribution

Your Account Isn't Verified!

In order to create a playlist on Sporcle, you need to verify the email address you used during registration. Go to your Sporcle Settings to finish the process.

Report this User

Report this user for behavior that violates our Community Guidelines.

Details: